[Event "Bob Wade mem Challengers 1"]
[Site "Howick"]
[Date "2023.01.18"]
[Round "6"]
[White "Punsalan, Vyanla M"]
[Black "Mao, Daqi"]
[Result "1/2-1/2"]
[WhiteElo "1989"]
[BlackElo "1901"]
[PlyCount "66"]
[EventDate "2023.01.14"]
[EventType "tourn"]
[EventRounds "9"]
[EventCountry "NZL"]
[SourceTitle "EXT 2024"]
[Source "ChessBase"]
[SourceDate "2023.10.10"]
[SourceVersion "1"]
[SourceVersionDate "2023.10.10"]
[SourceQuality "1"]

1. e4 e6 2. d4 d5 3. Nd2 Nf6 4. Bd3 c5 5. e5 Nfd7 6. c3 Nc6 7. Qg4 cxd4 8. cxd4 Nb4 9. Bb1 Qc7 10. Ne2 Nc2+ 11. Bxc2 Qxc2 12. 0-0 b6 13. Nf4 Ba6 14. Re1 0-0-0 15. a3 h5 16. Qf3 Qf5 17. Nf1 Bxf1 18. Kxf1 g5 19. Qc3+ Kb8 20. Nd3 h4 21. Be3 Rc8 22. Qb3 Be7 23. Red1 g4 24. Qa4 Rc7 25. Ke2 Rhc8 26. Rac1 a5 27. b4 axb4 28. axb4 Rxc1 29. Rxc1 Rxc1 30. Bxc1 Kc7 31. b5 Qe4+ 32. Be3 Qxg2 33. Qc2+ Kd8 1/2-1/2

[Event "Bob Wade mem Challengers 1"]
[Site "Howick"]
[Date "2023.01.17"]
[Round "5"]
[White "Kerr, Grant"]
[Black "Punsalan, Vyanla M"]
[Result "0-1"]
[WhiteElo "1768"]
[BlackElo "1989"]
[PlyCount "60"]
[EventDate "2023.01.14"]
[EventType "tourn"]
[EventRounds "9"]
[EventCountry "NZL"]
[SourceTitle "EXT 2024"]
[Source "ChessBase"]
[SourceDate "2023.10.10"]
[SourceVersion "1"]
[SourceVersionDate "2023.10.10"]
[SourceQuality "1"]

1. b3 d5 2. Bb2 Nd7 3. e3 Ngf6 4. f4 b6 5. Nf3 Bb7 6. Be2 e6 7. 0-0 Bd6 8. h3 h6 9. d3 Rg8 10. Ne5 Qe7 11. Nd2 0-0-0 12. Bf3 g5 13. c4 gxf4 14. exf4 Rg3 15. Kh1 Rdg8 16. Rf2 Bxe5 17. fxe5 Nh7 18. Nf1 R3g7 19. cxd5 Qh4 20. Qe2 Ng5 21. Nh2 Nc5 22. Rd1 Nxd3 23. Rxd3 Nxh3 24. Rd2 Rg4 25. Rf1 Nf4 26. Qf2 Rg3 27. Rd4 Ba6 28. Rg1 Nh3 29. Qe1 Rxg2 30. Qxh4 Rxg1# 0-1

[Event "Auckland Stuart Memorial op"]
[Site "Auckland"]
[Date "2022.06.26"]
[Round "5"]
[White "Punsalan, Vyanla M"]
[Black "Hart, Ralph"]
[Result "0-1"]
[WhiteElo "1906"]
[BlackElo "2142"]
[PlyCount "88"]
[EventDate "2022.06.24"]
[EventType "swiss"]
[EventRounds "6"]
[EventCountry "NZL"]
[SourceTitle "EXT 2024"]
[Source "ChessBase"]
[SourceDate "2023.10.10"]
[SourceVersion "1"]
[SourceVersionDate "2023.10.10"]
[SourceQuality "1"]

1. e4 e6 2. d4 d5 3. e5 Ne7 4. Nf3 c5 5. dxc5 Nd7 6. a3 Nc6 7. b4 a5 8. b5 Ncxe5 9. Nxe5 Nxe5 10. Bb2 Nd7 11. c6 Nf6 12. Nd2 Bd6 13. g4 Qc7 14. Rb1 Be5 15. b6 Qd6 16. cxb7 Bxb7 17. Bb5+ Ke7 18. Bxe5 Qxe5+ 19. Qe2 Nxg4 20. Rg1 Qxe2+ 21. Bxe2 Ne5 22. c4 g6 23. cxd5 Bxd5 24. Rg3 Nd7 25. Bc4 Rab8 26. Rgb3 Rhc8 27. Bxd5 exd5 28. Rb5 Rc5 29. b7 Kd6 30. Nf3 Rxb5 31. Rxb5 a4 32. Nd4 Kc7 33. Rxd5 Rxb7 34. Ra5 Nb6 35. Nb5+ Kc6 36. Nc3 Re7+ 37. Kf1 Nc4 38. Rxa4 Kc5 39. Ra8 Re5 40. Ra7 Nd2+ 41. Kg2 Rg5+ 42. Kh3 f5 43. Rxh7 Nf3 44. Ne2 Rg4 0-1

[Event "NZL-ch U18 op"]
[Site "Christchurch"]
[Date "2022.01.07"]
[Round "5"]
[White "Punsalan, Vyanla M"]
[Black "Dharmasena, Kian"]
[Result "1/2-1/2"]
[WhiteElo "1945"]
[BlackElo "1581"]
[PlyCount "69"]
[EventDate "2022.01.03"]
[EventType "swiss"]
[EventRounds "7"]
[EventCountry "NZL"]
[SourceTitle "EXT 2024"]
[Source "ChessBase"]
[SourceDate "2023.10.10"]
[SourceVersion "1"]
[SourceVersionDate "2023.10.10"]
[SourceQuality "1"]

1. e4 e5 2. Nf3 Nc6 3. Bb5 Nf6 4. 0-0 d6 5. Qe2 Bd7 6. c3 a6 7. Ba4 Be7 8. d4 0-0 9. d5 Nd4 10. cxd4 Bxa4 11. Nc3 exd4 12. Nxa4 b5 13. Nxd4 bxa4 14. Nc6 Qe8 15. Re1 Nd7 16. Bd2 Bf6 17. Ba5 a3 18. Bxc7 axb2 19. Rab1 Ne5 20. Bxd6 Nxc6 21. dxc6 Bc3 22. Red1 Qxc6 23. Bxf8 Rxf8 24. Rd3 Qf6 25. g3 g6 26. Kg2 Rc8 27. f4 Bd4 28. Rxd4 Qxd4 29. Rxb2 Rc1 30. Rb8+ Kg7 31. Qb2 Rc3 32. Rb4 Qd3 33. Kh3 Qf1+ 34. Kh4 Qf3 35. Kh3 1/2-1/2

[Event "NZL-ch U18 op"]
[Site "Christchurch"]
[Date "2022.01.04"]
[Round "2"]
[White "Punsalan, Vyanla M"]
[Black "Thurner, Anya"]
[Result "1-0"]
[WhiteElo "1945"]
[BlackElo "1574"]
[PlyCount "65"]
[EventDate "2022.01.03"]
[EventType "swiss"]
[EventRounds "7"]
[EventCountry "NZL"]
[SourceTitle "EXT 2024"]
[Source "ChessBase"]
[SourceDate "2023.10.10"]
[SourceVersion "1"]
[SourceVersionDate "2023.10.10"]
[SourceQuality "1"]

1. e4 e5 2. Nf3 Nc6 3. Bb5 a6 4. Ba4 Nf6 5. c3 b5 6. Bc2 d6 7. d3 Be7 8. h3 Bb7 9. Qe2 0-0 10. g4 d5 11. Nbd2 dxe4 12. dxe4 b4 13. 0-0 bxc3 14. bxc3 Bd6 15. Rd1 Qe7 16. Nf1 Rfd8 17. Ng3 Bc5 18. Bg5 Rxd1+ 19. Bxd1 Qd8 20. Ba4 h6 21. Rd1 Bd6 22. Bc1 Qe7 23. Nf5 Qf8 24. g5 hxg5 25. Nxg5 Ne7 26. Nxd6 cxd6 27. Rxd6 Ned5 28. Rxd5 Nxd5 29. exd5 f6 30. Bb3 g6 31. d6+ Kh8 32. Nf7+ Kh7 33. Qg4 1-0

[Event "Asian Online (Women)"]
[Site "Tornelo INT"]
[Date "2021.08.25"]
[Round "8"]
[White "Huang, Yuen Tung"]
[Black "Punsalan, Vyanla M"]
[Result "0-1"]
[WhiteElo "1309"]
[BlackElo "1945"]
[PlyCount "64"]
[EventDate "2021.08.23"]
[EventType "swiss (rapid)"]
[EventRounds "9"]
[EventCountry "NET"]
[SourceTitle "CBM 204 Extra"]
[Source "ChessBase"]
[SourceDate "2021.11.30"]
[SourceVersion "1"]
[SourceVersionDate "2021.11.30"]
[SourceQuality "1"]

1. e4 c5 2. Nf3 Nc6 3. d4 cxd4 4. Nxd4 e5 5. Nb5 Nf6 6. N1c3 d6 7. Bg5 a6 8. Na3 b5 9. Nd5 Be7 10. c4 Nxd5 11. exd5 Bxg5 12. dxc6 Qa5+ 13. Ke2 Bg4+ 14. f3 Qb6 15. Qd3 Bf5 16. Qb3 0-0 17. g4 e4 18. gxf5 exf3+ 19. Qxf3 Rfe8+ 20. Kd1 Qd4+ 21. Qd3 Qxb2 22. Rb1 Qf2 23. Be2 Re3 24. Qd2 Rae8 25. Re1 Rxa3 26. Qxg5 Rxa2 27. Qg3 Qb6 28. Qf3 Qa5 29. Qd3 bxc4 30. Qd4 Qa4+ 31. Rb3 Qxb3+ 32. Kc1 Qc2# 0-1

[Event "Asian Online (Women)"]
[Site "Tornelo INT"]
[Date "2021.08.23"]
[Round "1"]
[White "Punsalan, Vyanla M"]
[Black "Assaubayeva, Bibissara"]
[Result "0-1"]
[WhiteElo "1945"]
[BlackElo "2389"]
[PlyCount "88"]
[EventDate "2021.08.23"]
[EventType "swiss (rapid)"]
[EventRounds "9"]
[EventCountry "NET"]
[SourceTitle "CBM 204 Extra"]
[Source "ChessBase"]
[SourceDate "2021.11.30"]
[SourceVersion "1"]
[SourceVersionDate "2021.11.30"]
[SourceQuality "1"]

1. e4 c5 2. c3 Nf6 3. e5 Nd5 4. d4 cxd4 5. Nf3 Nc6 6. cxd4 d6 7. Nc3 dxe5 8. dxe5 Nxc3 9. Qxd8+ Nxd8 10. bxc3 Bd7 11. Ba3 Rc8 12. Rc1 g6 13. Nd4 Bh6 14. Rc2 Bf4 15. Bd3 Ba4 16. 0-0 Bxc2 17. Bxc2 Bxe5 18. Re1 Bf6 19. Ba4+ Nc6 20. Nxc6 bxc6 21. Bc5 0-0 22. Re3 Rfd8 23. Kf1 Rd2 24. Bb3 Rc7 25. g4 e6 26. Ke1 Rd8 27. Rf3 Be5 28. h4 Bd6 29. Be3 c5 30. h5 c4 31. Bc2 Be5 32. Bh6 Rb7 33. Bc1 f5 34. hxg6 hxg6 35. Ba3 Rh7 36. Re3 Bd6 37. Bxd6 Rxd6 38. Ke2 Rb7 39. gxf5 exf5 40. Ba4 Kf7 41. Kf3 Re7 42. Rxe7+ Kxe7 43. Kf4 Rd2 44. f3 Rxa2 0-1

[Event "Wch U20 Girls 37th"]
[Site "New Delhi"]
[Date "2019.10.17"]
[Round "4"]
[White "Punsalan, Vyanla M"]
[Black "Rousseau, Christilla"]
[Result "1/2-1/2"]
[WhiteElo "1964"]
[BlackElo "1648"]
[PlyCount "88"]
[EventDate "2019.10.15"]
[EventType "swiss"]
[EventRounds "11"]
[EventCountry "IND"]
[SourceTitle "CBM 192 Extra"]
[Source "Chessbase"]
[SourceDate "2019.11.06"]
[SourceVersion "1"]
[SourceVersionDate "2019.11.06"]
[SourceQuality "1"]

1. e4 c6 2. d4 d5 3. e5 Bf5 4. Nf3 e6 5. a3 c5 6. dxc5 Bxc5 7. b4 Bb6 8. Nbd2 Ne7 9. Bb2 0-0 10. c4 a5 11. c5 Bc7 12. b5 Nd7 13. Rc1 Ng6 14. Qe2 Qb8 15. b6 Bxe5 16. Nxe5 Ngxe5 17. Qb5 Nc6 18. g4 Bg6 19. Qa4 Nde5 20. Rg1 Nd3+ 21. Bxd3 Bxd3 22. Rg3 Bg6 23. h4 f6 24. h5 Be8 25. g5 f5 26. g6 h6 27. f4 Qd8 28. Kf2 Qe7 29. Qb3 Rd8 30. Nf3 Kh8 31. Qe3 a4 32. Nd4 Nxd4 33. Bxd4 Qh4 34. Kg2 Bd7 35. Rh1 Qe7 36. Kh3 Bc6 37. Re1 Rde8 38. Be5 Qd7 39. Qd4 Ra8 40. Rge3 Rfe8 41. Bd6 Ra5 42. Rb1 Raa8 43. Rbe1 Ra5 44. Rb1 Raa8 1/2-1/2

[Event "Wch U20 Girls 37th"]
[Site "New Delhi"]
[Date "2019.10.16"]
[Round "2"]
[White "Punsalan, Vyanla M"]
[Black "Divya, Deshmukh"]
[Result "0-1"]
[WhiteElo "1964"]
[BlackElo "2358"]
[PlyCount "70"]
[EventDate "2019.10.15"]
[EventType "swiss"]
[EventRounds "11"]
[EventCountry "IND"]
[SourceTitle "CBM 192 Extra"]
[Source "Chessbase"]
[SourceDate "2019.11.06"]
[SourceVersion "1"]
[SourceVersionDate "2019.11.06"]
[SourceQuality "1"]

1. e4 c5 2. c3 Nf6 3. e5 Nd5 4. d4 cxd4 5. Nf3 Nc6 6. cxd4 d6 7. Nc3 dxe5 8. dxe5 Nxc3 9. Qxd8+ Nxd8 10. bxc3 Bd7 11. Bb2 e6 12. Be2 Nc6 13. 0-0 Be7 14. Rad1 0-0-0 15. Rfe1 Na5 16. Nd4 Ba4 17. Rb1 Bc5 18. Ba1 Rd5 19. Nb3 Bxb3 20. axb3 Nc6 21. b4 Be7 22. c4 Rd2 23. c5 Rhd8 24. Kf1 Rc2 25. Rb3 a5 26. bxa5 Nxa5 27. Rf3 Bxc5 28. Bc3 Nb3 29. Bd1 Nd2+ 30. Bxd2 Rcxd2 31. Be2 R8d7 32. Rc1 b6 33. Bb5 Ra7 34. Ke1 Rd5 35. Re3 Rc7 0-1

[Event "Auckland Stuart Memorial op"]
[Site "Auckland"]
[Date "2019.08.24"]
[Round "2"]
[White "Steadman, Michael VR"]
[Black "Punsalan, Vyanla M"]
[Result "1/2-1/2"]
[WhiteElo "2251"]
[BlackElo "1904"]
[PlyCount "72"]
[EventDate "2019.08.24"]
[EventType "swiss"]
[EventRounds "5"]
[EventCountry "NZL"]
[SourceTitle "EXT 2023"]
[Source "ChessBase"]
[SourceDate "2022.10.05"]
[SourceVersion "1"]
[SourceVersionDate "2022.10.05"]
[SourceQuality "1"]

1. d4 f5 2. Nf3 Nf6 3. h3 g6 4. Bf4 Bg7 5. Nc3 d6 6. Qd2 Qd7 7. g4 Ne4 8. Qe3 Qc6 9. Bg2 Nxc3 10. bxc3 Rf8 11. 0-0 Qe4 12. gxf5 Qxe3 13. Bxe3 gxf5 14. Ng5 f4 15. Bd2 Bh6 16. h4 c6 17. Kh2 e5 18. dxe5 dxe5 19. Ne4 Nd7 20. c4 Nf6 21. Nxf6+ Rxf6 22. Bc3 f3 23. Bxf3 Bf4+ 24. Kh1 Rh6 25. h5 e4 26. Bxe4 Rxh5+ 27. Kg2 Bh3+ 28. Kf3 Bxf1 29. Rxf1 Bd6 30. e3 Ke7 31. Ke2 Rf8 32. Rb1 Rb8 33. Rg1 Rf8 34. Rb1 Ra8 35. Rg1 Rf8 36. Rb1 Rb8 1/2-1/2

[Event "Henderson Trusts op 42nd"]
[Site "Henderson"]
[Date "2019.06.01"]
[Round "1"]
[White "Punsalan, Vyanla M"]
[Black "Dive, Russell John"]
[Result "0-1"]
[WhiteElo "1932"]
[BlackElo "2279"]
[PlyCount "90"]
[EventDate "2019.06.01"]
[EventType "swiss"]
[EventRounds "6"]
[EventCountry "NZL"]
[SourceTitle "EXT 2020"]
[Source "ChessBase"]
[SourceDate "2019.10.17"]
[SourceVersion "1"]
[SourceVersionDate "2019.10.17"]
[SourceQuality "1"]

1. e4 c6 2. d4 d5 3. e5 Bf5 4. Nf3 e6 5. a3 h6 6. Nbd2 Ne7 7. b4 a5 8. Bb2 axb4 9. axb4 Rxa1 10. Bxa1 Qb6 11. b5 cxb5 12. c3 Nec6 13. Qb3 b4 14. c4 dxc4 15. Nxc4 Qc7 16. Ne3 Be4 17. Nd2 Bg6 18. Bb2 Qd7 19. Bb5 Be7 20. h4 0-0 21. d5 exd5 22. Nxd5 Bc5 23. Qc4 Ba7 24. h5 Bh7 25. Ne4 Qe6 26. Rh3 Rd8 27. Nef6+ Kh8 28. Ne3 Qxc4 29. Bxc4 gxf6 30. e6 Bd4 31. Bxd4 Nxd4 32. exf7 Nbc6 33. Rh4 b3 34. Nd1 Kg7 35. Rg4+ Kf8 36. Rg8+ Ke7 37. Rxd8 Nxd8 38. Nb2 Nxf7 39. Kd2 Nd6 40. Bd5 Bc2 41. Kc3 Ne2+ 42. Kb4 Nf4 43. Bf3 Ke6 44. g3 Nd5+ 45. Kc5 Be4 0-1

[Event "North Island-ch"]
[Site "Wellington"]
[Date "2019.04.19"]
[Round "2"]
[White "Punsalan, Vyanla M"]
[Black "Dive, Russell John"]
[Result "0-1"]
[WhiteElo "1943"]
[BlackElo "2298"]
[PlyCount "134"]
[EventDate "2019.04.19"]
[EventType "swiss"]
[EventRounds "8"]
[EventCountry "NZL"]
[SourceTitle "EXT 2020"]
[Source "ChessBase"]
[SourceDate "2019.10.17"]
[SourceVersion "1"]
[SourceVersionDate "2019.10.17"]
[SourceQuality "1"]

1. e4 c6 2. d4 d5 3. e5 c5 4. dxc5 e6 5. a3 Bxc5 6. b4 Bb6 7. Nf3 Ne7 8. Bb2 Ng6 9. Bd3 Nc6 10. 0-0 Nf4 11. Qd2 Nxd3 12. Qxd3 0-0 13. Nbd2 Ne7 14. Nb3 Bd7 15. Rfd1 Ba4 16. Bd4 Bxb3 17. cxb3 Bxd4 18. Nxd4 Ng6 19. Qe3 Qd7 20. Rac1 Rfc8 21. g3 h6 22. a4 Rxc1 23. Rxc1 Rc8 24. f4 Ne7 25. Rc3 Rxc3 26. Qxc3 Nf5 27. Nxf5 exf5 28. Kf1 d4 29. Qc4 b6 30. Qb5 Qb7 31. Kf2 Kh7 32. Qd3 Qe4 33. Qc4 Kg6 34. h4 h5 35. Qc7 d3 36. Qd6+ Kh7 37. Qd7 Qe2+ 38. Kg1 Qd1+ 39. Kg2 Qxb3 40. Kh3 Kh6 41. Qd8 Kh7 42. Qd7 g6 43. e6 Qxe6 44. Qxd3 Qe4 45. Qd1 Qxb4 46. Qd7 Kg7 47. Qxa7 Qb2 48. Qd7 Qf2 49. Qd5 Qg1 50. Qg2 Qxg2+ 51. Kxg2 Kf6 52. Kf3 Ke6 53. Ke3 Kd6 54. Kd3 f6 55. Kc3 g5 56. hxg5 fxg5 57. fxg5 f4 58. gxf4 h4 59. f5 Ke5 60. f6 Ke6 61. Kb4 h3 62. Kb5 h2 63. Kxb6 h1Q 64. a5 Kd6 65. f7 Qb1+ 66. Ka7 Kc7 67. g6 Qb7# 0-1

[Event "Oceania zt (Women)"]
[Site "Tumon"]
[Date "2019.02.21"]
[Round "6"]
[White "Punsalan, Vyanla M"]
[Black "Szekely, Olga"]
[Result "1-0"]
[WhiteElo "1951"]
[BlackElo "1708"]
[PlyCount "47"]
[EventDate "2019.02.18"]
[EventType "tourn"]
[EventRounds "9"]
[EventCountry "GMA"]
[SourceTitle "CBM 189 Extra"]
[Source "ChessBase"]
[SourceDate "2019.06.03"]
[SourceVersion "1"]
[SourceVersionDate "2019.06.03"]
[SourceQuality "1"]

1. e4 d6 2. d4 Nf6 3. Nc3 g6 4. f4 Bg7 5. Be2 0-0 6. Be3 c5 7. e5 dxe5 8. dxe5 Nfd7 9. Nf3 Nc6 10. 0-0 Qa5 11. Qe1 a6 12. Rd1 Rd8 13. Qh4 f6 14. Bc4+ Kh8 15. Ne4 Nd4 16. Nfg5 fxg5 17. Nxg5 h6 18. Nf7+ Kh7 19. Nxh6 Bxh6 20. f5 g5 21. Bxg5 Qb6 22. f6 Ne2+ 23. Kh1 Ng3+ 24. hxg3 1-0